[Event "HCL-B053"]
[Site "www.playchess.de"]
[Date "2000.12.03"]
[Round "14"]
[White "lastrada"]
[Black "paule"]
[WhiteElo "1200"]
[BlackElo "1532"]
[PlyCount "52"]
[Result "0-1"]

1.c4 e5 2.Nf3 Nc6 3.Nc3 f5 4.d4 e4 5.Ng5 Nf6 6.e3 
h6 7.Nh3 g5 8.f3 exf3 9.Qxf3 d6 10.Qd1 Bg7 11.Bd3 
O-O 12.O-O Ne7 13.Nf2 c6 14.Nh1 d5 15.Ng3 Ne4 
16.Nh5 Bh8 17.cxd5 cxd5 18.Qb3 b6 19.Nxe4 fxe4 
20.Rxf8+ Qxf8 21.Be2 Be6 22.Ng3 Nc6 23.Bd2 Qd6 
24.Rf1 Rf8 25.Rxf8+ Kxf8 26.Bb5 
a5 0-1

[Event "HCL-B060"]
[Site "www.playchess.de"]
[Date "2000.12.03"]
[Round "36"]
[White "lucius"]
[Black "Pelikan"]
[WhiteElo "1200"]
[BlackElo "1228"]
[PlyCount "32"]
[Result "0-1"]

1.d4 Nf6 2.c4 g6 3.Bf4 Bg7 4.Nf3 O-O 5.Nc3 d6 
6.Qd2 Nbd7 7.O-O-O c5 8.Nb5 a6 9.Nc3 b5 10.e3 b4 
11.Nd5 Ne4 12.Qc2 Nef6 13.dxc5 Nxc5 14.Nxb4 Qb6 
15.Nd5 Nxd5 16.Rxd5 Bb7 0-1

[Event "HCL-B070"]
[Site "www.playchess.de"]
[Date "2000.12.03"]
[Round "4"]
[White "knight77"]
[Black "OObuc"]
[WhiteElo "1200"]
[BlackElo "1056"]
[PlyCount "41"]
[Result "0-1"]

1.Nc3 c6 2.e3 d5 3.Nb5 e5 4.Qh5 e4 5.Qe5+ Be6 
6.Nc7+ Kd7 7.Nxa8 Bd6 8.Nb6+ axb6 9.Qxg7 Ne7 
10.Qf6 Qg8 11.d4 exd3 12.e.p cxd3 13.b5 Nf3 14.Bg4 
d4 15.Nf5 Ng5 16.Be7 Qe5 17.Qxg5 f4 18.Qh4+ g3 
19.Qh5 Bd2 20.Re8 Bxb5 21.Nxg3 0-1

[Event "HCL-B070"]
[Site "www.playchess.de"]
[Date "2000.12.03"]
[Round "35"]
[White "mrchess"]
[Black "lostpawn2000"]
[WhiteElo "1587"]
[BlackElo "1767"]
[PlyCount "69"]
[Result "1-0"]

1.d4 d5 2.c4 e6 3.Nc3 Nf6 4.cxd5 Nxd5 5.e4 Nxc3 
6.bxc3 c5 7.Nf3 cxd4 8.Qxd4 Qc7 9.Bb5+ Bd7 10.Qc4 
Qxc4 11.Bxc4 f6 12.Nd4 e5 13.Ne6 Bxe6 14.Bxe6 Nd7 
15.Bd5 Rb8 16.Be3 b6 17.O-O Rc8 18.c4 Nc5 19.Bxc5 
Bxc5 20.Rfd1 Ke7 21.Rd3 Bd4 22.Rb1 Rhf8 23.Rbb3 a6 
24.a4 Rc7 25.Kf1 h5 26.f4 g5 27.f5 Rb8 28.Rd2 Rc5 
29.Ke2 b5 30.axb5 axb5 31.h3 h4 32.Ra2 Rb6 33.Ra7+ 
Kf8 34.Rba3 bxc4 35.Rf7+ 1-0

[Event "HCL-B073"]
[Site "www.playchess.de"]
[Date "2000.12.03"]
[Round "36"]
[White "henry"]
[Black "grez"]
[WhiteElo "1098"]
[BlackElo "1200"]
[PlyCount "28"]
[Result "0-1"]

1.c4 e5 2.e4 b6 3.d4 exd4 4.Qxd4 Nc6 5.Qd1 Bb4+ 
6.Nc3 Bb7 7.Nh3 Qe7 8.Be3 Bxc3+ 9.bxc3 Qxe4 10.Ng5 
Qe7 11.Be2 O-O-O 12.c5 h6 13.Nf3 Nf6 14.cxb6 
axb6 0-1

[Event "HCL-B081"]
[Site "www.playchess.de"]
[Date "2000.12.03"]
[Round "23"]
[White "trolo"]
[Black "msmsk"]
[WhiteElo "1801"]
[BlackElo "1549"]
[PlyCount "26"]
[Result "0-1"]

1.e4 d5 2.exd5 Nf6 3.c4 c6 4.d4 cxd5 5.Nc3 Nc6 
6.Nf3 Bg4 7.cxd5 Nxd5 8.Bb5 e6 9.O-O Bd6 10.Bxc6+ 
bxc6 11.h3 Bh5 12.a3 O-O 13.Qd3 
Nf4 0-1

[Event "HCL-B087"]
[Site "www.playchess.de"]
[Date "2000.12.03"]
[Round "3"]
[White "rocking"]
[Black "Hubble"]
[WhiteElo "1500"]
[BlackElo "1731"]
[PlyCount "34"]
[Result "0-1"]

1.e4 e5 2.Nf3 Nc6 3.d4 exd4 4.Bc4 Bb4+ 5.c3 dxc3 
6.O-O Nge7 7.a3 Bc5 8.b4 Bb6 9.Nxc3 O-O 10.Bg5 Qe8 
11.Re1 d6 12.Nh4 Ng6 13.Kh1 Bxf2 14.Rf1 Bxh4 
15.Bxh4 Nxh4 16.Qh5 Ng6 17.Nd5 
Qxe4 0-1

[Event "HCL-B095"]
[Site "www.playchess.de"]
[Date "2000.12.03"]
[Round "10"]
[White "traga"]
[Black "Gruhni"]
[WhiteElo "1200"]
[BlackElo "1431"]
[PlyCount "67"]
[Result "1-0"]

1.e4 e5 2.Nf3 Nc6 3.Nc3 Bb4 4.Bb5 a6 5.Bxc6 bxc6 
6.d4 Bxc3+ 7.bxc3 exd4 8.cxd4 d6 9.Bg5 f6 10.Bf4 
Bg4 11.O-O Ne7 12.Qd3 Ng6 13.Bg3 O-O 14.Rab1 Bxf3 
15.Qxf3 Rb8 16.Qd3 Rxb1 17.Rxb1 Qa8 18.Qb3+ Kh8 
19.Qb7 Qxb7 20.Rxb7 Re8 21.Rxc7 h6 22.f3 d5 
23.Rxc6 dxe4 24.Kf2 exf3 25.Kxf3 Ra8 26.Rc7 Kg8 
27.c4 Kf8 28.c5 Nh8 29.Bd6+ Kg8 30.d5 Nf7 31.Rd7 
Nxd6 32.Rxd6 Kf8 33.Rd7 g5 34.c6 1-0

[Event "HCL-B096"]
[Site "www.playchess.de"]
[Date "2000.12.03"]
[Round "14"]
[White "tsit7"]
[Black "paule"]
[WhiteElo "1200"]
[BlackElo "1806"]
[PlyCount "44"]
[Result "0-1"]

1.d3 e5 2.g3 d5 3.Nf3 Nc6 4.Nc3 Bg4 5.Bg5 Nf6 
6.Nh4 Bb4 7.a3 Bxc3+ 8.bxc3 h6 9.Be3 O-O 10.f3 Be6 
11.g4 Nxg4 12.fxg4 Qxh4+ 13.Bf2 Qxg4 14.h3 Qa4 
15.Rg1 f5 16.e3 f4 17.Bh4 fxe3 18.Qe2 Qxh4+ 19.Kd1 
Bxh3 20.Rh1 Bg4 21.Bg2 Qxh1+ 22.Bxh1 
Rf1+ 0-1

[Event "HCL-B107"]
[Site "www.playchess.de"]
[Date "2000.12.03"]
[Round "7"]
[White "costajr"]
[Black "Peter_Dik"]
[WhiteElo "1110"]
[BlackElo "1200"]
[PlyCount "39"]
[Result "1-0"]

1.e4 e5 2.Nf3 Nc6 3.Bc4 Bc5 4.b4 Bxb4 5.c3 Ba5 
6.d4 exd4 7.O-O d6 8.Qb3 Qf6 9.e5 dxe5 10.Re1 Nge7 
11.Bg5 Qg6 12.Nxe5 Nxe5 13.Rxe5 f6 14.Rxa5 fxg5 
15.Nd2 b6 16.Re5 Rf8 17.Rae1 Rxf2 18.R5xe7+ Kd8 
19.R7e8+ Qxe8 20.Rxe8+ 1-0

[Event "HCL-B114"]
[Site "www.playchess.de"]
[Date "2000.12.03"]
[Round "16"]
[White "Slide"]
[Black "JayKay"]
[WhiteElo "1535"]
[BlackElo "1734"]
[PlyCount "53"]
[Result "1/2-1/2"]

1.e4 e5 2.Bc4 Nf6 3.d3 c6 4.Bg5 d5 5.Bxf6 Qxf6 
6.exd5 cxd5 7.Bxd5 Nc6 8.Nf3 Bg4 9.c3 O-O-O 10.Be4 
Bxf3 11.Qxf3 Qxf3 12.Bxf3 Rxd3 13.Bxc6 bxc6 14.Nd2 
Be7 15.Ke2 Rhd8 16.Rhd1 Kc7 17.Nc4 e4 18.Ne5 R3xd1 
19.Rxd1 Rxd1 20.Kxd1 f5 21.g3 g6 22.Ke2 Kd6 
23.Nc4+ Kc5 24.Ne3 Bf6 25.f3 Kd6 26.Nc4+ Kd5 
27.Ne3+ 1/2-1/2

[Event "HCL-B137"]
[Site "www.playchess.de"]
[Date "2000.12.03"]
[Round "19"]
[White "peze"]
[Black "BerndS"]
[WhiteElo "1904"]
[BlackElo "1798"]
[PlyCount "37"]
[Result "1-0"]

1.e4 c5 2.Nf3 d6 3.d4 cxd4 4.Nxd4 Nf6 5.Nc3 a6 
6.Be3 e6 7.g4 e5 8.Nf5 g6 9.g5 gxf5 10.exf5 d5 
11.Qf3 d4 12.O-O-O Nbd7 13.Bxd4 exd4 14.Rxd4 Bc5 
15.Rd2 Qc7 16.gxf6 Nxf6 17.Nd5 Nxd5 18.Rxd5 O-O 
19.f6 1-0

[Event "HCL-C038"]
[Site "www.playchess.de"]
[Date "2000.12.03"]
[Round "7"]
[White "PDelaquess"]
[Black "Roman"]
[WhiteElo "1450"]
[BlackElo "1000"]
[PlyCount "65"]
[Result "1-0"]

1.e4 e5 2.f4 Nc6 3.Nf3 Nf6 4.Nc3 d6 5.Bb5 Bg4 
6.O-O exf4 7.Re1 Be7 8.d4 d5 9.exd5 Nxd5 10.Nxd5 
Qxd5 11.Bxc6+ bxc6 12.Qe2 O-O-O 13.Qxe7 Rhe8 
14.Qxe8 Bxf3 15.Qe5 Kd7 16.Qxd5+ Bxd5 17.Bxf4 f6 
18.h4 h5 19.b3 a5 20.Re3 Rb8 21.Rae1 Rg8 22.R3e7+ 
Kd8 23.Rxc7 Re8 24.Rxe8+ Kxe8 25.Rxg7 f5 26.Rg5 
Ke7 27.Rxf5 Ke6 28.Rxh5 Kd7 29.Re5 Kd6 30.c4 Be6 
31.Rxa5+ Kd7 32.d5 Bf5 33.dxc6+ 1-0

[Event "HCL-C059"]
[Site "www.playchess.de"]
[Date "2000.12.03"]
[Round "20"]
[White "NHASTRO"]
[Black "GregO"]
[WhiteElo "747"]
[BlackElo "1250"]
[PlyCount "43"]
[Result "1-0"]

1.Nc3 c5 2.e3 Nc6 3.Bd3 d5 4.Nf3 Nf6 5.Qe2 Bg4 
6.Qf1 e6 7.h3 Bh5 8.Be2 Be7 9.d4 O-O 10.Ne5 Nb4 
11.Bd1 Rc8 12.Qb5 Qb6 13.dxc5 Qxb5 14.Nxb5 Rxc5 
15.Nxa7 Nxc2+ 16.Bxc2 Rxc2 17.f3 Rxg2 18.Kf1 Rc2 
19.b3 Bd6 20.Nd3 Bg3 21.Ba3 Rd8 
22.Ne1 1-0

[Event "HCL-C084"]
[Site "www.playchess.de"]
[Date "2000.12.03"]
[Round "4"]
[White "Gerry"]
[Black "Dirk_Dashing"]
[WhiteElo "1534"]
[BlackElo "1000"]
[PlyCount "41"]
[Result "1-0"]

1.e4 e5 2.Nf3 Nc6 3.Nc3 Bc5 4.Bc4 Nf6 5.d3 d6 
6.O-O O-O 7.h3 Nd4 8.Be3 b6 9.a3 Bb7 10.b4 Nxf3+ 
11.Qxf3 a5 12.bxc5 bxc5 13.Rab1 Rb8 14.Qg3 d5 
15.Bh6 Nh5 16.Qg4 dxc4 17.Rb5 Qf6 18.Bg5 Qg6 
19.Rxa5 f5 20.Qh4 f4 21.f3 1-0

[Event "HCL-C086"]
[Site "www.playchess.de"]
[Date "2000.12.03"]
[Round "1"]
[White "MAURICE"]
[Black "nikk"]
[WhiteElo "474"]
[BlackElo "1044"]
[PlyCount "32"]
[Result "0-1"]

1.g4 d5 2.Nc3 e5 3.Nf3 Nc6 4.b3 Bxg4 5.Rg1 Nf6 
6.h4 Qd7 7.d3 Bb4 8.Qd2 d4 9.a4 Bxc3 10.Qxc3 dxc3 
11.Kd1 O-O-O 12.Ra3 Nd4 13.Ng5 Kb8 14.Rg2 e4 
15.dxe4 Nxe2+ 16.Ke1 Qd1+ 0-1

[Event "HCL-C101"]
[Site "www.playchess.de"]
[Date "2000.12.03"]
[Round "8"]
[White "tiomario"]
[Black "Petra"]
[WhiteElo "1000"]
[BlackElo "1265"]
[PlyCount "39"]
[Result "1-0"]

1.e4 c6 2.d4 d5 3.e5 Na6 4.Nf3 Bf5 5.Bd3 Nh6 6.Nc3 
e6 7.h3 Nb4 8.Bxh6 Nxd3+ 9.cxd3 gxh6 10.a3 Rg8 
11.g4 Bg6 12.Qd2 Bg7 13.h4 h5 14.Rg1 Qe7 15.Na4 
O-O-O 16.Rc1 hxg4 17.Qa5 gxf3 18.Qxa7 Kc7 19.Nc5 
Bh6 20.Qxb7+ 1-0

[Event "HCL-C110"]
[Site "www.playchess.de"]
[Date "2000.12.03"]
[Round "16"]
[White "pandatrax"]
[Black "hun"]
[WhiteElo "1078"]
[BlackElo "1802"]
[PlyCount "40"]
[Result "0-1"]

1.e4 Nf6 2.Nc3 e5 3.Nf3 Nc6 4.Bb5 Nd4 5.O-O Bc5 
6.d3 Nxb5 7.Nxb5 d6 8.Bd2 Bd7 9.c4 a6 10.Nc3 O-O 
11.Nd5 Nxd5 12.cxd5 Qf6 13.Be3 Bxe3 14.fxe3 Rac8 
15.d4 Qh6 16.Qd2 f5 17.exf5 Bb5 18.Rfc1 e4 19.Ne1 
Rxf5 20.Qc2 Rf1+ 0-1

[Event "HCL-C132"]
[Site "www.playchess.de"]
[Date "2000.12.03"]
[Round "5"]
[White "Michael_Schenk"]
[Black "sid317"]
[WhiteElo "1059"]
[BlackElo "693"]
[PlyCount "45"]
[Result "1-0"]

1.e4 e5 2.f4 Nc6 3.Bc4 Nh6 4.Nf3 f6 5.Nc3 d6 6.f5 
Bd7 7.d4 Ng4 8.h3 Nf2 9.Kxf2 Qe7 10.d5 Nb4 11.a3 
Nxd5 12.Nxd5 Qd8 13.g4 c6 14.Nc3 Qc7 15.Be3 O-O-O 
16.g5 d5 17.exd5 Bxf5 18.Qd2 b6 19.a4 Bb4 20.Rad1 
e4 21.Bf4 e3+ 22.Qxe3 Bc5 23.Ba6+ 1-0

[Event "HCL-C138"]
[Site "www.playchess.de"]
[Date "2000.12.03"]
[Round "12"]
[White "Translightor"]
[Black "dg"]
[WhiteElo "1000"]
[BlackElo "1049"]
[PlyCount "50"]
[Result "0-1"]

1.e4 e5 2.Nf3 Nc6 3.Bb5 d6 4.c3 Bd7 5.O-O Qf6 6.d4 
Bg4 7.Nbd2 a6 8.Ba4 b5 9.Bb3 exd4 10.Bd5 Kd7 
11.cxd4 Rb8 12.Qc2 Nb4 13.Qb3 Nxd5 14.exd5 Ne7 
15.Ne4 Qf5 16.Nfg5 f6 17.Ng3 Qxd5 18.Qxd5 Nxd5 
19.h3 fxg5 20.hxg4 h6 21.Bd2 Be7 22.Ne4 Bf6 
23.Nxf6+ gxf6 24.Rfe1 Rbe8 25.g3 
Re7 0-1

[Event "HCL-C138"]
[Site "www.playchess.de"]
[Date "2000.12.03"]
[Round "21"]
[White "Translightor"]
[Black "locko"]
[WhiteElo "1000"]
[BlackElo "744"]
[PlyCount "37"]
[Result "1-0"]

1.e4 e5 2.Nf3 d6 3.d4 Qe7 4.Bc4 Nf6 5.Bg5 h6 6.Bh4 
g5 7.Bg3 Nxe4 8.dxe5 dxe5 9.Bxe5 Rg8 10.O-O g4 
11.Qd4 f5 12.Nfd2 c5 13.Qd5 a6 14.Qxg8 Nd7 15.Bf4 
Ndf6 16.Qg6+ Kd7 17.Rd1 Qe8 18.Nxe4+ Kc6 
19.Qxf6+ 1-0

[Event "HCL-E007"]
[Site "www.playchess.de"]
[Date "2000.12.03"]
[Round "1"]
[White "nepper"]
[Black "marko1"]
[WhiteElo "2100"]
[BlackElo "2000"]
[PlyCount "28"]
[Result "0-1"]

1.f4 d5 2.Nf3 Nf6 3.e3 g6 4.b3 Bg7 5.Bb2 c5 6.c4 
e6 7.Bd3 Nc6 8.O-O O-O 9.Na3 b6 10.Nb5 a6 11.Nc3 
Bb7 12.Ne2 Re8 13.Ng3 Qe7 14.cxd5 
Nb4 0-1

[Event "HCL-E010"]
[Site "www.playchess.de"]
[Date "2000.12.03"]
[Round "34"]
[White "KARFOPOULOS"]
[Black "goodatchess"]
[WhiteElo "2000"]
[BlackElo "2000"]
[PlyCount "39"]
[Result "1-0"]

1.Nf3 d5 2.b3 Bg4 3.g3 c5 4.Bg2 Nc6 5.Bb2 e6 6.O-O 
Bd6 7.Bxg7 Bxf3 8.exf3 Be5 9.Bxh8 Bxh8 10.c3 Qf6 
11.f4 O-O-O 12.a4 Nge7 13.Na3 Rg8 14.Rc1 h5 
15.Qxh5 Bg7 16.Qe2 Rh8 17.d3 Qh6 18.h3 Nf5 19.Rfd1 
Nce7 20.b4 1-0

[Event "ACL-A023"]
[Site "www.playchess.de"]
[Date "2000.12.03"]
[Round "10"]
[White "COMETIN"]
[Black "Broda"]
[WhiteElo "1500"]
[BlackElo "1500"]
[PlyCount "45"]
[Result "1-0"]

1.d4 d5 2.Nc3 Bf5 3.f3 Nf6 4.g4 Bg6 5.h4 h6 6.g5 
hxg5 7.Bxg5 Nbd7 8.Qd2 e6 9.O-O-O c6 10.a3 Qc7 
11.Bf4 Bd6 12.e3 Bxf4 13.exf4 O-O-O 14.Nh3 Rxh4 
15.f5 Bxf5 16.Qg5 Rdh8 17.Qg3 Qxg3 18.Ne2 Qxf3 
19.Rh2 Bxh3 20.Bxh3 R4xh3 21.Rxh3 Rxh3 22.Ng1 Qe3+ 
23.Kb1 1-0

[Event "ACL-A035"]
[Site "www.playchess.de"]
[Date "2000.12.03"]
[Round "17"]
[White "GoodKnight"]
[Black "Al-azmi"]
[WhiteElo "1500"]
[BlackElo "2103"]
[PlyCount "95"]
[Result "1-0"]

1.e4 c5 2.Nf3 e6 3.d4 cxd4 4.Nxd4 Nc6 5.Nc3 Qc7 
6.Be3 a6 7.Be2 Nf6 8.O-O Bb4 9.Nxc6 bxc6 10.Qd3 d5 
11.a3 Bxc3 12.Qxc3 O-O 13.exd5 Nxd5 14.Qc5 Rb8 
15.b4 Nxe3 16.fxe3 Rd8 17.c4 Bb7 18.Rad1 h6 19.Rd4 
Ba8 20.Bh5 f6 21.Rfd1 e5 22.R4d6 Rxd6 23.Qxd6 Qxd6 
24.Rxd6 Kf8 25.Re6 Bb7 26.c5 Rd8 27.h4 Ra8 28.Bg6 
Rd8 29.g4 Kg8 30.Kf2 Kf8 31.Kg3 Kg8 32.Re7 Rb8 
33.Rc7 Kf8 34.Be4 Ba8 35.Bd3 Re8 36.Ra7 a5 37.bxa5 
Kg8 38.Rd7 Rb8 39.a6 Re8 40.a7 Kf8 41.h5 Kg8 
42.Bg6 Rc8 43.Bf7+ Kh7 44.Rd3 Rf8 45.Bg6+ Kh8 
46.Rb3 Kg8 47.Rb8 e4 48.Kf4 1-0

[Event "ACL-A044"]
[Site "www.playchess.de"]
[Date "2000.12.03"]
[Round "33"]
[White "Hermi"]
[Black "traga"]
[WhiteElo "1500"]
[BlackElo "1500"]
[PlyCount "107"]
[Result "1-0"]

1.d4 d5 2.c4 dxc4 3.Nf3 b5 4.a4 c6 5.e3 Nf6 6.axb5 
cxb5 7.b3 a5 8.bxc4 b4 9.Ne5 Bd7 10.c5 e6 11.Qf3 
Ra7 12.Nd2 Qc7 13.Nxd7 Nbxd7 14.Bb5 Be7 15.Nb3 O-O 
16.Bb2 Rb8 17.Ba4 Nf8 18.O-O Ng6 19.Ra2 Nh4 20.Qc6 
Qxc6 21.Bxc6 Bd8 22.Rfa1 Ra6 23.Ba4 Nf5 24.g3 Bc7 
25.Kg2 Ne4 26.Kf3 Nf6 27.h3 Ne7 28.e4 Ra7 29.Ke3 
Nh5 30.Nd2 Nf6 31.Nc4 Ng6 32.Bb3 Rb5 33.f4 Ra8 
34.Nd6 Rbb8 35.f5 Nf8 36.g4 Ra6 37.Bc4 Raa8 
38.R2a4 h6 39.Kd3 N6d7 40.Nb5 Bd8 41.e5 Rbc8 
42.Nd6 Rcb8 43.Bc1 Bc7 44.Bd2 b3 45.Rb1 Bxd6 
46.exd6 b2 47.Rxa5 Rxa5 48.Bxa5 exf5 49.gxf5 Ra8 
50.Bc3 Nf6 51.Rxb2 Rc8 52.Ba6 Ra8 53.Bb7 Ra3 
54.Bf3 1-0

[Event "ACL-A050"]
[Site "www.playchess.de"]
[Date "2000.12.03"]
[Round "19"]
[White "Mr_Arnaud"]
[Black "locko"]
[WhiteElo "1500"]
[BlackElo "1153"]
[PlyCount "39"]
[Result "1-0"]

1.c4 c5 2.Nc3 d6 3.g3 Nd7 4.Bg2 Ne5 5.d3 h5 6.Bf4 
Ng4 7.h3 N4f6 8.Nf3 e5 9.Bg5 Qb6 10.Qc2 Qa5 11.O-O 
b6 12.Nxe5 dxe5 13.Bxa8 Nd7 14.Bd2 Qa6 15.Nb5 Ndf6 
16.Nc7+ Kd7 17.Nxa6 Bxa6 18.Qa4+ Kc8 19.Qxa6+ Kd8 
20.Qxa7 1-0

[Event "ACL-A054"]
[Site "www.playchess.de"]
[Date "2000.12.03"]
[Round "11"]
[White "locko"]
[Black "Milamber"]
[WhiteElo "1153"]
[BlackElo "2103"]
[PlyCount "60"]
[Result "0-1"]

1.g3 Nf6 2.Bg2 g6 3.Nf3 Bg7 4.h4 d5 5.d4 c6 6.c3 
Qb6 7.a4 Bf5 8.a5 Qa6 9.Bf1 b5 10.Bh3 Bxb1 11.Rxb1 
Qxa5 12.g4 Qc7 13.g5 Ne4 14.Bg4 Nd7 15.Nd2 Nxd2 
16.Qxd2 h5 17.Bh3 e5 18.Qe3 O-O 19.Rg1 exd4 
20.cxd4 Nb6 21.Rg3 Rfe8 22.Qf4 Qxf4 23.Bxf4 Bxd4 
24.Rd1 Bxb2 25.Rb3 Bg7 26.Bd7 Nxd7 27.Rc1 a5 
28.Rxc6 a4 29.Ra3 b4 30.Ra1 Bxa1 0-1

[Event "ACL-A063"]
[Site "www.playchess.de"]
[Date "2000.12.03"]
[Round "14"]
[White "Tartan-Terror"]
[Black "deepcover"]
[WhiteElo "1442"]
[BlackElo "1500"]
[PlyCount "30"]
[Result "1/2-1/2"]

1.d4 d5 2.c4 c6 3.Nf3 e6 4.cxd5 exd5 5.Nc3 Bd6 
6.Bg5 Ne7 7.e3 f6 8.Bh4 O-O 9.Bg3 Bxg3 10.hxg3 Re8 
11.Bd3 Bf5 12.Bxf5 Nxf5 13.Qd3 g6 14.O-O-O Na6 
15.a3 Qe7 1/2-1/2

[Event "HCL-A019"]
[Site "www.playchess.de"]
[Date "2000.12.04"]
[Round "5"]
[White "Polo"]
[Black "Kleofas"]
[WhiteElo "1087"]
[BlackElo "1850"]
[PlyCount "64"]
[Result "0-1"]

1.c4 e5 2.Nc3 Nc6 3.g3 Nf6 4.Bg2 Be7 5.e3 O-O 
6.Nge2 d6 7.a3 Be6 8.b3 d5 9.cxd5 Nxd5 10.Bb2 Qd7 
11.Qc2 Rad8 12.Nxd5 Bxd5 13.Rg1 Qe6 14.Bxd5 Rxd5 
15.b4 a6 16.h4 Rfd8 17.Rd1 Bf6 18.Nc3 Nd4 19.Qe4 
R5d6 20.Ne2 Nc6 21.Bc1 Be7 22.Rh1 f5 23.Qg2 Bf6 
24.f4 e4 25.Kf2 Ne7 26.Qf1 Kf7 27.Rh2 Ng8 28.Re1 
Nh6 29.Rg2 Ng4+ 30.Kg1 Qb3 31.Kh1 c6 32.Rg1 
R6xd2 0-1

[Event "HCL-A028"]
[Site "www.playchess.de"]
[Date "2000.12.04"]
[Round "5"]
[White "kron"]
[Black "KingGeorge"]
[WhiteElo "1900"]
[BlackElo "1800"]
[PlyCount "34"]
[Result "0-1"]

1.e4 e6 2.d4 d5 3.Nc3 Bb4 4.e5 c5 5.a3 Bxc3+ 
6.bxc3 Ne7 7.Qg4 Qc7 8.Qxg7 Rg8 9.Qxh7 cxd4 10.Ne2 
Nbc6 11.f4 Bd7 12.Qd3 dxc3 13.Qxc3 Rc8 14.Rb1 Nf5 
15.Bd2 d4 16.Qd3 Na5 17.Nxd4 Nxd4 0-1

[Event "HCL-A028"]
[Site "www.playchess.de"]
[Date "2000.12.04"]
[Round "27"]
[White "Sd_68"]
[Black "GoodKnight"]
[WhiteElo "1741"]
[BlackElo "1700"]
[PlyCount "46"]
[Result "0-1"]

1.e4 c5 2.Nf3 d6 3.Bb5+ Bd7 4.Bxd7+ Qxd7 5.c4 Nc6 
6.O-O Nf6 7.Nc3 g6 8.Re1 Bg7 9.d4 cxd4 10.Nxd4 
Nxd4 11.Qxd4 O-O 12.Qd3 Rac8 13.Bf4 Qg4 14.Bg3 Nh5 
15.h3 Qe6 16.Bh2 Rxc4 17.Rac1 Rfc8 18.Ne2 R4xc1 
19.Rxc1 Rxc1+ 20.Nxc1 Bxb2 21.Nb3 Be5 22.Bxe5 Qxe5 
23.Nd4 Nf4 0-1

[Event "HCL-A036"]
[Site "www.playchess.de"]
[Date "2000.12.04"]
[Round "21"]
[White "mkluwe"]
[Black "henk"]
[WhiteElo "2037"]
[BlackElo "1700"]
[PlyCount "48"]
[Result "1/2-1/2"]

1.Nf3 Nf6 2.c4 c5 3.Nc3 d5 4.cxd5 Nxd5 5.d4 Nxc3 
6.bxc3 g6 7.e3 Bg7 8.Bb5+ Bd7 9.Qb3 O-O 10.O-O 
Bxb5 11.Qxb5 Qc7 12.Qxc5 Qxc5 13.dxc5 Nd7 14.Ba3 
Rfc8 15.Rab1 Rab8 16.Rfd1 Nxc5 17.Bxc5 Rxc5 18.Rd7 
Rxc3 19.h4 Ra3 20.Rxe7 b5 21.Rd1 Bf6 22.Rc7 Rxa2 
23.Rdd7 Bd8 24.Rcxa7 Rxa7 1/2-1/2

[Event "HCL-A038"]
[Site "www.playchess.de"]
[Date "2000.12.04"]
[Round "13"]
[White "Felix"]
[Black "schachinfo_de"]
[WhiteElo "1518"]
[BlackElo "1387"]
[PlyCount "21"]
[Result "1-0"]

1.d4 d5 2.c4 e6 3.Nc3 Nf6 4.Bg5 Be7 5.e3 O-O 6.Nf3 
Nbd7 7.Rc1 c6 8.Bd3 dxc4 9.Bxc4 b6 10.O-O Bb7 
11.Qe2 1-0

[Event "HCL-A038"]
[Site "www.playchess.de"]
[Date "2000.12.04"]
[Round "16"]
[White "Dany"]
[Black "MarkusSSG"]
[WhiteElo "1700"]
[BlackElo "2380"]
[PlyCount "28"]
[Result "0-1"]

1.d4 Nf6 2.c4 c5 3.e3 g6 4.Nf3 Bg7 5.Nc3 O-O 6.Bd3 
cxd4 7.exd4 d5 8.c5 Bg4 9.h3 Bxf3 10.Qxf3 Nc6 
11.Be3 e5 12.Bb5 Nxd4 13.Bxd4 exd4 14.Ne2 
Qa5+ 0-1

[Event "HCL-A046"]
[Site "www.playchess.de"]
[Date "2000.12.04"]
[Round "15"]
[White "paule"]
[Black "peze3"]
[WhiteElo "1819"]
[BlackElo "1700"]
[PlyCount "70"]
[Result "1/2-1/2"]

1.e4 e5 2.Nf3 Nf6 3.Nxe5 d6 4.Nf3 Nxe4 5.d4 d5 
6.Bd3 Bd6 7.O-O Bg4 8.Re1 f5 9.c4 O-O 10.h3 Bxf3 
11.Qxf3 Nc6 12.cxd5 Nxd4 13.Qh5 g6 14.Qd1 Bb4 
15.Nd2 a6 16.Re3 Bxd2 17.Bxd2 Qxd5 18.Rc1 Nxd2 
19.Qxd2 Rf7 20.Rce1 b5 21.b4 f4 22.R3e8+ Rxe8 
23.Rxe8+ Kg7 24.Re4 f3 25.Qe3 Nf5 26.Qxf3 Nd6 
27.Rf4 Qxa2 28.Bf1 Rxf4 29.Qxf4 Qb2 30.g3 h5 31.h4 
Nf7 32.Bg2 Qa1+ 33.Kh2 Qe5 34.Qc1 Qd6 35.Qc3+ 
Kg8 1/2-1/2

[Event "HCL-A046"]
[Site "www.playchess.de"]
[Date "2000.12.04"]
[Round "27"]
[White "Belka"]
[Black "peze3"]
[WhiteElo "1800"]
[BlackElo "1700"]
[PlyCount "48"]
[Result "0-1"]

1.b4 e5 2.Bb2 Bxb4 3.f4 Qh4+ 4.g3 Qh6 5.Bxe5 Nc6 
6.Bb2 Nf6 7.Bg2 O-O 8.Nf3 d6 9.O-O Re8 10.e3 Be6 
11.a3 Ba5 12.Nc3 Bg4 13.Rb1 Rab8 14.Re1 d5 15.Na2 
Ne4 16.c3 Qh5 17.Rf1 Bb6 18.Bc1 Rbd8 19.Re1 Rd6 
20.Nb4 Nxb4 21.axb4 Rh6 22.Qe2 g5 23.h3 Bxh3 
24.Nxg5 Bg4 0-1

[Event "HCL-A052"]
[Site "www.playchess.de"]
[Date "2000.12.04"]
[Round "1"]
[White "paule"]
[Black "chesskarma"]
[WhiteElo "1819"]
[BlackElo "1710"]
[PlyCount "23"]
[Result "1-0"]

1.e4 g6 2.d4 Bg7 3.Be3 d6 4.Nc3 Nf6 5.Bd3 O-O 
6.Qd2 Ng4 7.Bg5 Bxd4 8.Bh4 Be6 9.Nge2 Bg7 10.O-O-O 
Ne5 11.f4 Nxd3+ 12.Qxd3 1-0

[Event "HCL-A052"]
[Site "www.playchess.de"]
[Date "2000.12.04"]
[Round "3"]
[White "chesskarma"]
[Black "Tiuri"]
[WhiteElo "1710"]
[BlackElo "1600"]
[PlyCount "22"]
[Result "0-1"]

1.c4 Nf6 2.Nc3 e6 3.Nf3 d5 4.cxd5 exd5 5.d4 c6 
6.e3 Bg4 7.Bd3 Bd6 8.h3 Bh5 9.Qb3 Qc7 10.Nh4 Nbd7 
11.g4 Bg6 0-1

[Event "HCL-B053"]
[Site "www.playchess.de"]
[Date "2000.12.04"]
[Round "11"]
[White "sarek"]
[Black "lastrada"]
[WhiteElo "1200"]
[BlackElo "1200"]
[PlyCount "51"]
[Result "1-0"]

1.e4 c5 2.Nf3 d6 3.d4 cxd4 4.Nxd4 Nf6 5.Nc3 a6 
6.Be3 e5 7.Nb3 Be6 8.Be2 Be7 9.Qd2 Nbd7 10.f4 Rc8 
11.O-O b5 12.f5 Bc4 13.Bxc4 bxc4 14.Nc1 Qc7 
15.N1e2 Qb7 16.b3 cxb3 17.axb3 Nxe4 18.Nxe4 Qxe4 
19.Rxa6 Rxc2 20.Ra8+ Qxa8 21.Qxc2 d5 22.Rd1 Qb7 
23.Rc1 O-O 24.Ng3 Rb8 25.Rb1 Nf6 
26.Ne2 1-0

[Event "HCL-B058"]
[Site "www.playchess.de"]
[Date "2000.12.04"]
[Round "16"]
[White "giya"]
[Black "mrchess"]
[WhiteElo "1500"]
[BlackElo "1588"]
[PlyCount "63"]
[Result "1-0"]

1.e4 d6 2.d4 Nf6 3.Nc3 Nbd7 4.f4 e5 5.Nf3 Be7 
6.dxe5 dxe5 7.fxe5 Ng4 8.e6 fxe6 9.Ng5 Nde5 
10.Qxd8+ Bxd8 11.h3 Nf6 12.Bf4 Ng6 13.Bh2 c6 
14.O-O-O h6 15.Nf3 O-O 16.Bd3 Ne7 17.Rhf1 Bb6 
18.Bd6 Re8 19.Kb1 Bd7 20.g4 Rad8 21.Na4 Bc8 
22.Nxb6 Rxd6 23.Nxc8 Nxc8 24.e5 Rdd8 25.exf6 gxf6 
26.Nd2 Ref8 27.Ne4 Kg7 28.Nc5 Kf7 29.Nxb7 Rd5 
30.Be4 Rxd1+ 31.Rxd1 Ne7 32.Nd8+ 1-0

[Event "HCL-B071"]
[Site "www.playchess.de"]
[Date "2000.12.04"]
[Round "6"]
[White "paule"]
[Black "ric70"]
[WhiteElo "1705"]
[BlackElo "1595"]
[PlyCount "57"]
[Result "1-0"]

1.e4 c5 2.c3 d5 3.exd5 Qxd5 4.d4 cxd4 5.cxd4 Nc6 
6.Nf3 e6 7.Nc3 Qa5 8.Bd3 Bb4 9.Bd2 Nf6 10.a3 Be7 
11.Rc1 O-O 12.O-O Rd8 13.b4 Qh5 14.Ne2 e5 15.Ng3 
Qg4 16.Bc4 exd4 17.b5 Bxa3 18.bxc6 bxc6 19.Bxf7+ 
Kf8 20.Rxc6 a5 21.Bg5 Qd7 22.Bxf6 Qxc6 23.Bxd8 Bg4 
24.Ba2 Qc3 25.Qb1 Rxd8 26.Qxh7 Bxf3 27.Qg8+ Ke7 
28.Qe6+ Kf8 29.Qf7+ 1-0

[Event "HCL-B074"]
[Site "www.playchess.de"]
[Date "2000.12.04"]
[Round "6"]
[White "Knotamaster"]
[Black "CHARON"]
[WhiteElo "1614"]
[BlackElo "1436"]
[PlyCount "97"]
[Result "1-0"]

1.Nf3 d5 2.d3 c5 3.g3 Nc6 4.Bg2 e5 5.Nbd2 Nf6 
6.O-O Be7 7.e4 d4 8.a4 O-O 9.Nc4 Qc7 10.b3 Be6 
11.Ng5 Bxc4 12.bxc4 h6 13.Nh3 a5 14.f4 Bd6 15.fxe5 
Bxe5 16.Nf4 Bxf4 17.Bxf4 Qe7 18.h3 g5 19.Bd2 Ne5 
20.Qe1 b6 21.Qf2 Nfd7 22.h4 f6 23.Bh3 Kg7 24.Rab1 
Rab8 25.Bf5 Qd6 26.Qg2 Qc6 27.Rb5 Qd6 28.Qh3 Rfh8 
29.Kf2 Rbe8 30.Rh1 Kf7 31.Qf1 Reb8 32.Qe2 Nc6 
33.Qh5+ Ke7 34.Rhb1 Nb4 35.Bxb4 axb4 36.R1xb4 cxb4 
37.Rd5 Ne5 38.Rxd6 Kxd6 39.Qd1 Rba8 40.Qb1 Rxa4 
41.Qb3 Rha8 42.c5+ bxc5 43.Qe6+ Kc7 44.Qe7+ Kb8 
45.Qxf6 Nxd3+ 46.cxd3 R4a2+ 47.Kf3 R8a5 48.Qb6+ 
Ka8 49.Bd7 1-0

[Event "HCL-B079"]
[Site "www.playchess.de"]
[Date "2000.12.04"]
[Round "10"]
[White "Knightbaker"]
[Black "Spiridonas"]
[WhiteElo "1200"]
[BlackElo "1609"]
[PlyCount "86"]
[Result "0-1"]

1.e4 e6 2.d4 d5 3.e5 c5 4.Nf3 Nc6 5.c3 Qb6 6.a3 
Nh6 7.b4 cxd4 8.cxd4 Nf5 9.Bb2 a5 10.b5 a4 11.Bc3 
Nd8 12.Bd3 Bd7 13.Qe2 Be7 14.O-O f6 15.Nbd2 fxe5 
16.Nxe5 g6 17.Ndf3 Bf6 18.Nxd7 Kxd7 19.Ne5+ Bxe5 
20.Qxe5 Nf7 21.Qe2 Rhf8 22.Rac1 N7d6 23.Rfe1 Rae8 
24.Bb4 Rf7 25.Bxd6 Kxd6 26.Qe5+ Kd7 27.Rc5 Qd6 
28.Qxd6+ Kxd6 29.Bxf5 Rxf5 30.b6 Re7 31.Rec1 Rf4 
32.R5c7 Rxd4 33.h3 Rd3 34.Rxe7 Kxe7 35.Rc7+ Kd8 
36.Rxb7 Kc8 37.Ra7 Rxa3 38.Rxh7 Ra1+ 39.Kh2 a3 
40.Re7 a2 41.Ra7 d4 42.Ra3 d3 43.Rxd3 
Rh1+ 0-1